[Event "Mumbai Mayors Cup 1st"]
[Site "Mumbai"]
[Date "2008.05.11"]
[Round "1"]
[White "Preethi, Rajkumar"]
[Black "Shah, Dhruv"]
[Result "1-0"]
[WhiteElo "2180"]
[BlackElo "1802"]
[PlyCount "81"]
[EventDate "2008.05.11"]
[EventType "swiss"]
[EventRounds "11"]
[EventCountry "IND"]
[SourceTitle "CBM 124 Extra"]
[Source "ChessBase"]
[SourceDate "2008.07.03"]
[SourceVersion "1"]
[SourceVersionDate "2008.07.03"]
[SourceQuality "1"]

1. e4 e6 2. d4 d5 3. Nc3 Ne7 4. Bg5 c6 5. Bd3 h6 6. Be3 Ng6 7. Qh5 Qh4 8. Qf3 Be7 9. e5 Bb4 10. g3 Qe7 11. Nge2 0-0 12. Qg4 Kh7 13. h4 Kg8 14. Bxh6 gxh6 15. h5 Qg5 16. Qxg5 hxg5 17. hxg6 Kg7 18. Rh7+ Kg8 19. g7 f5 20. gxf8Q+ Bxf8 21. Rh5 Be7 22. Kd2 Na6 23. Rah1 Bb4 24. Rxg5+ Kf7 25. Rh7+ Kf8 26. Rh8+ Kf7 27. Rgg8 c5 28. Bxa6 bxa6 29. Rxc8 Rxc8 30. Rxc8 cxd4 31. Nxd4 a5 32. Rc7+ Kg6 33. Nxe6 Kh5 34. f3 Kg6 35. Rg7+ Kh5 36. Ke3 Kh6 37. Nxd5 Be1 38. Nf6 f4+ 39. Kxf4 Bxg3+ 40. Kf5 Bxe5 41. Rg6# 1-0

[Event "EU School-ch U17"]
[Site "Kallithea"]
[Date "2008.05.05"]
[Round "9"]
[White "Shah, Dhruv"]
[Black "Balokas, Dimitrios"]
[Result "1/2-1/2"]
[WhiteElo "1802"]
[BlackElo "1774"]
[PlyCount "120"]
[EventDate "2008.04.29"]
[EventType "swiss"]
[EventRounds "9"]
[EventCountry "GRE"]
[SourceTitle "CBM 124 Extra"]
[Source "ChessBase"]
[SourceDate "2008.07.03"]
[SourceVersion "1"]
[SourceVersionDate "2008.07.03"]
[SourceQuality "1"]

1. e4 c5 2. Nf3 Nc6 3. d4 cxd4 4. Nxd4 Nf6 5. Nc3 e5 6. Ndb5 d6 7. Nd5 Nxd5 8. exd5 Nb8 9. c3 Be7 10. Bd3 0-0 11. 0-0 f5 12. Kh1 a6 13. Na3 e4 14. Bc2 Nd7 15. Nc4 b5 16. Nd2 Ne5 17. a4 Bb7 18. Nb3 Qd7 19. Nd4 Kh8 20. Ne6 Rf6 21. Bf4 Rg8 22. Ng5 Rg6 23. Nh3 Rg4 24. axb5 Qxb5 25. Bxe5 dxe5 26. Bb3 Rd8 27. c4 Qb6 28. Re1 Qg6 29. Rg1 Bc5 30. Qe2 Rh4 31. Bc2 Qh6 32. Rae1 g5 33. Qd2 e3 34. fxe3 g4 35. Bxf5 gxh3 36. b4 Rxc4 37. bxc5 Bxd5 38. Qa2 hxg2+ 39. Rxg2 Bxg2+ 40. Qxg2 Rg8 41. Qd5 Qxe3 42. Qxg8+ Kxg8 43. Rxe3 Rxc5 44. Ra3 a5 45. Kg2 Kg7 46. Rg3+ Kh8 47. Rh3 Rc7 48. Rh5 a4 49. Rh3 Rg7+ 50. Kf3 a3 51. Bb1 Rb7 52. Ba2 Rb2 53. Be6 a2 54. Rg3 e4+ 55. Ke3 h5 56. Rg8+ Kh7 57. Ra8 Rxh2 58. Bxa2 Kh6 59. Kxe4 Re2+ 60. Kd3 Re5 1/2-1/2